Rent reviews (Record no. 80485)
[ view plain ]
| 000 -LEADER | |
|---|---|
| fixed length control field | 01103cab a22002175a 4500 |
| 001 - CONTROL NUMBER | |
| control field | L144485 |
| 008 - FIXED-LENGTH DATA ELEMENTS--GENERAL INFORMATION | |
| fixed length control field | 080722s2008 xxko f 000 0 eng d |
| 035 ## - SYSTEM CONTROL NUMBER | |
| System control number | (Sirsi) u144485 |
| 041 0# - LANGUAGE CODE | |
| Language code of text/sound track or separate title | eng |
| 100 1# - MAIN ENTRY--PERSONAL NAME | |
| Personal name | Moody, Jeremy |
| 245 00 - TITLE STATEMENT | |
| Title | Rent reviews |
| 260 ## - PUBLICATION, DISTRIBUTION, ETC. | |
| Date of publication, distribution, etc. | 2008 |
| 490 ## - SERIES STATEMENT | |
| Series statement | Farmland Market |
| Volume/sequential designation | (69) Summer 2008, 14-15(2) |
| 520 ## - SUMMARY, ETC. | |
| Summary, etc. | Article explains that recent months have seen a significant increase of interest in rent reviews after a period of relative stagnation and that tenancies under the 1986 Agricultural Holdings Act are returning to the fore. Discusses these as opposed to rent reviews under the 1995 Agricultural Holdings Act and states that the rent is only one aspect of the landlord-tenant relationship and suggests that constructive negotiations over rent can foster improved long-term working relationships. |
| 650 24 - SUBJECT ADDED ENTRY--TOPICAL TERM | |
| Topical term or geographic name entry element | AGRICULTURAL HOLDINGS ACT 1986 |
| 650 24 - SUBJECT ADDED ENTRY--TOPICAL TERM | |
| Topical term or geographic name entry element | AGRICULTURAL HOLDINGS ACT 1995 |
| 650 24 - SUBJECT ADDED ENTRY--TOPICAL TERM | |
| Topical term or geographic name entry element | SECRETARY OF STATE V SPENCER |
| 651 #4 - SUBJECT ADDED ENTRY--GEOGRAPHIC NAME | |
| Geographic name | England and Wales |
| Chronological subdivision | 1543- |
| 690 ## - LOCAL SUBJECT ADDED ENTRY--TOPICAL TERM (OCLC, RLIN) | |
| Topical term or geographic name as entry element | PROPERTY-LANDLORD AND TENANT-TENANCIES-TENANCY RENT REVIEW |
| 942 ## - ADDED ENTRY ELEMENTS (KOHA) | |
| Suppress in OPAC | 0 |
| Withdrawn status | Lost status | Source of classification or shelving scheme | Damaged status | Not for loan | Home library | Current library | Shelving location | Date acquired | Total Checkouts | Full call number | Barcode | Date last seen | Copy number | Price effective from | Koha item type |
|---|---|---|---|---|---|---|---|---|---|---|---|---|---|---|---|
| Dewey Decimal Classification | London | London | Journal article | 22/07/2008 | L144485 | 144485-1001 | 06/08/2019 | 1 | 06/08/2019 | Journal article |